[Event "GRENKE Chess Open 2024"]
[Site "Karlsruhe"]
[Date "2024.03.28"]
[Round "1.47"]
[White "Mende, Andreas"]
[Black "Koellner, Ruben Gideon"]
[Result "0-1"]
[WhiteElo "2101"]
[BlackElo "2453"]
[Annotator "TA"]
[PlyCount "100"]
[EventDate "2024.03.28"]
[EventType "swiss"]
[EventCountry "GER"]
[SourceTitle "playchess.com"]
[Source "ChessBase"]
[SourceQuality "1"]

1. c4 e6 2. g3 d5 3. Nf3 Nf6 4. Bg2 dxc4 5. Qa4+ Bd7 6. Qxc4 c5 7. Ne5 Qc8 8. Nxd7 Qxd7 9. O-O Nc6 10. d3 Be7 11. Qa4 Rc8 12. Nc3 O-O 13. Rd1 Rfd8 14. Bf4 b6 15. Rac1 h6 16. h4 Bf8 17. Kf1 Nd5 18. Bd2 Be7 19. a3 a5 20. Nxd5 exd5 21. Bc3 Qe6 22. d4 cxd4 23. Bd2 Bf6 24. Qb5 Ne7 25. b4 axb4 26. Bxb4 Rc4 27. Bxe7 Bxe7 28. Rb1 Bc5 29. a4 Ra8 30. Ra1 Rb4 31. Qd3 Rbxa4 32. Rxa4 Rxa4 33. Rb1 Ra3 34. Rb3 Ra2 35. Bf3 g5 36. hxg5 hxg5 37. Qb1 Ra7 38. g4 Kg7 39. Rd3 Qe5 40. Qb3 Qh2 41. Bxd5 Ra1+ 42. Rd1 Ra3 43. Qb2 Qh3+ 44. Bg2 Qxg4 45. Rc1 Qf5 46. Ra1 Rc3 47. Rd1 g4 48. e4 Qf4 49. Qd2 Qxd2 50. Rxd2 d3 0-1

[Event "GRENKE Chess Open 2024"]
[Site "Karlsruhe"]
[Date "2024.03.28"]
[Round "1.48"]
[White "Haring, Filip"]
[Black "Fidlin, Simon"]
[Result "1-0"]
[WhiteElo "2452"]
[BlackElo "2100"]
[Annotator "RC"]
[PlyCount "97"]
[EventDate "2024.03.28"]
[EventType "swiss"]
[EventCountry "GER"]
[SourceTitle "playchess.com"]
[Source "ChessBase"]
[SourceQuality "1"]

1. e4 c5 2. Nf3 d6 3. d4 cxd4 4. Nxd4 Nf6 5. Nc3 a6 6. Be2 e5 7. Nf3 Be7 8. Bg5 Be6 9. Bxf6 Bxf6 10. O-O O-O 11. Nd5 Nd7 12. a4 Rc8 13. c3 g6 14. Nd2 Bxd5 15. exd5 Bg7 16. a5 f5 17. Nc4 Qc7 18. Qb3 e4 19. Qb4 Be5 20. b3 Rce8 21. f4 exf3 22. Bxf3 Nc5 23. Nxe5 Rxe5 24. Qc4 Qb8 25. b4 Nd7 26. Qd4 Rc8 27. Rfc1 Re7 28. c4 Ne5 29. Be2 Rce8 30. c5 Qa7 31. Qf2 Nd7 32. Bf1 Nf6 33. c6 Re3 34. Kh1 Ng4 35. Qg1 Qd4 36. cxb7 Kg7 37. Ra3 Qxb4 38. Rxe3 Rxe3 39. h3 Qxb7 40. hxg4 Re4 41. Qh2 Qe7 42. g5 h5 43. gxh6+ Kh7 44. g3 Re1 45. Qb2 Qe4+ 46. Kh2 Kxh6 47. Rxe1 Qxe1 48. Qh8+ Kg5 49. Qh4# 1-0

[Event "GRENKE Chess Open 2024"]
[Site "Karlsruhe"]
[Date "2024.03.28"]
[Round "1.49"]
[White "Kuandykuly, Danis"]
[Black "Buckels, Valentin"]
[Result "0-1"]
[WhiteElo "2100"]
[BlackElo "2450"]
[Annotator "TA"]
[PlyCount "88"]
[EventDate "2024.03.28"]
[EventType "swiss"]
[EventCountry "GER"]
[SourceTitle "playchess.com"]
[Source "ChessBase"]
[SourceQuality "1"]

1. e4 e5 2. Nf3 Nc6 3. Bb5 a6 4. Ba4 Nge7 5. O-O Ng6 6. c3 d5 7. exd5 Qxd5 8. d4 exd4 9. Bb3 Qd6 10. Ng5 Nd8 11. cxd4 Be7 12. Ne4 Qd7 13. Nbc3 b6 14. d5 O-O 15. Be3 Nb7 16. Ba4 b5 17. Bb3 Nh4 18. Rc1 Na5 19. Nc5 Qd8 20. N3e4 Nf5 21. Bf4 Nxb3 22. axb3 Nd6 23. Qd4 Re8 24. Rfe1 Bf8 25. Bg5 Be7 26. Bf4 Bf5 27. Nxd6 cxd6 28. Nb7 Qd7 29. Na5 Bf6 30. Qd2 h6 31. h3 g5 32. Bg3 Re4 33. Rxe4 Bxe4 34. Rc6 Be7 35. Qd4 Qf5 36. Bxd6 Bf6 37. Qb6 Bxd5 38. Rc5 Qe4 39. f3 Bd4+ 40. Kh2 Qe3 41. Qc7 Qg1+ 42. Kg3 Bf2+ 43. Kg4 Qxg2+ 44. Kf5 Qxh3+ 0-1

[Event "GRENKE Chess Open 2024"]
[Site "Karlsruhe"]
[Date "2024.03.29"]
[Round "2.1"]
[White "Volkov, Mykyta"]
[Black "Kollars, Dmitrij"]
[Result "0-1"]
[WhiteElo "2256"]
[BlackElo "2629"]
[Annotator "TA"]
[PlyCount "130"]
[EventDate "2024.03.28"]
[EventType "swiss"]
[EventCountry "GER"]
[SourceTitle "playchess.com"]
[Source "ChessBase"]
[SourceQuality "1"]

1. d4 d5 2. c4 e6 3. Nc3 Nf6 4. cxd5 exd5 5. Bg5 Bb4 6. Qb3 c5 7. dxc5 Nc6 8. O-O-O Qa5 9. Bxf6 gxf6 10. Nxd5 Qxc5+ 11. Qc2 Qxc2+ 12. Kxc2 Bf5+ 13. Kc1 O-O-O 14. f3 Be6 15. e4 Bd6 16. Ne2 f5 17. Nec3 fxe4 18. fxe4 h5 19. Be2 h4 20. h3 Rhg8 21. Bf3 Be5 22. Kb1 Kb8 23. Ne2 Rd6 24. Rhf1 Na5 25. Rc1 Rgd8 26. Rfd1 f5 27. Ne3 fxe4 28. Bxe4 Re8 29. Rxd6 Bxd6 30. Bf3 Bxa2+ 31. Kxa2 Rxe3 32. Rd1 Kc7 33. Rd4 Be7 34. Nc3 Nc6 35. Nd5+ Kd6 36. Nxe3+ Nxd4 37. Bxb7 Ke5 38. b3 Bb4 39. Kb2 a5 40. Nc2 Ne6 41. Ka2 Kf4 42. Bd5 Nc5 43. Bc6 Nd3 44. Kb1 Bc5 45. Bb5 Ke4 46. Bc6+ Ke5 47. Ba8 Kf4 48. Bc6 Kg3 49. Ka2 Nf4 50. Ne1 Bb4 51. Nf3 Nxg2 52. Nxh4 Nxh4 53. Bd7 Nf3 54. Kb2 Ng5 55. Kc2 Nxh3 56. Be6 Nf4 57. Bf5 Kf3 58. Bh7 Ke3 59. Bg8 Ne2 60. Bf7 Nd4+ 61. Kb2 Kd2 62. Bg6 Ne2 63. Bh7 Nc1 64. Bg6 Nd3+ 65. Ka2 Kc3 0-1

[Event "GRENKE Chess Open 2024"]
[Site "Karlsruhe"]
[Date "2024.03.29"]
[Round "2.2"]
[White "Mishra, Abhimanyu"]
[Black "Cernov, Vadim"]
[Result "1-0"]
[WhiteElo "2627"]
[BlackElo "2255"]
[Annotator "TA"]
[PlyCount "117"]
[EventDate "2024.03.28"]
[EventType "swiss"]
[EventCountry "GER"]
[SourceTitle "playchess.com"]
[Source "ChessBase"]
[SourceQuality "1"]

1. e4 c5 2. Nf3 Nc6 3. Bb5 g6 4. O-O Bg7 5. c3 Nf6 6. Re1 O-O 7. d4 d5 8. e5 Ne4 9. Bxc6 bxc6 10. Be3 cxd4 11. cxd4 Rb8 12. Qc1 f6 13. Nbd2 Nxd2 14. Bxd2 Bg4 15. exf6 exf6 16. Bf4 Rb4 17. Qxc6 Bxf3 18. gxf3 Rxd4 19. Bd6 Qa8 20. Qd7 Rd8 21. Qe6+ Kh8 22. Qf7 Rg8 23. Re6 Rc4 24. Rae1 Rcc8 25. Re7 Rcf8 26. Qe6 d4 27. Kg2 a5 28. Rd1 Qc8 29. Rxd4 Qxe6 30. Rxe6 f5 31. Ra4 Re8 32. Rxe8 Rxe8 33. b3 Bc3 34. Bc7 Ra8 35. Rc4 Bb4 36. Rd4 Ra7 37. Be5+ Kg8 38. f4 Kf7 39. Kf3 Ke6 40. Rc4 Rd7 41. Ke3 Bd2+ 42. Ke2 Bb4 43. Rc6+ Ke7 44. Rc7 Rxc7 45. Bxc7 Ke6 46. Kd3 Kd5 47. Bb6 h6 48. h3 h5 49. f3 h4 50. Bd8 Be1 51. Ke2 Bg3 52. Bxa5 Bxf4 53. Bd2 Bg3 54. Bg5 Kc5 55. Kd3 Be1 56. a4 Kd5 57. Bd2 Bg3 58. b4 Bd6 59. a5 1-0

[Event "GRENKE Chess Open 2024"]
[Site "Karlsruhe"]
[Date "2024.03.29"]
[Round "2.2"]
[White "Nurgaliyev, Sauat"]
[Black "Sarana, Alexey"]
[Result "0-1"]
[WhiteElo "2262"]
[BlackElo "2699"]
[Annotator "TA"]
[PlyCount "116"]
[EventDate "2024.03.28"]
[EventType "swiss"]
[EventCountry "GER"]
[SourceTitle "playchess.com"]
[Source "ChessBase"]
[SourceQuality "1"]

1. e4 c5 2. Nf3 d6 3. d4 cxd4 4. Nxd4 Nf6 5. Nc3 a6 6. Bd3 g6 7. f3 Qb6 8. a3 Nbd7 9. Bc4 e5 10. Nde2 Bg7 11. h4 Qc7 12. Ba2 Nb6 13. Be3 Be6 14. O-O Rd8 15. Kh1 Nc4 16. Bxc4 Qxc4 17. Qd3 Qc6 18. Rad1 Bc4 19. Qd2 d5 20. f4 O-O 21. fxe5 Nxe4 22. Nxe4 dxe4 23. Qxd8 Bxe2 24. Qe7 Bxd1 25. Rxd1 Qxc2 26. Rd8 Qxb2 27. e6 Qa1+ 28. Bg1 fxe6 29. Qxe6+ Kh8 30. Rxf8+ Bxf8 31. Qc8 Qf1 32. Qxb7 Qc4 33. Qb8 Kg7 34. Qe5+ Kf7 35. Bd4 Qe6 36. Qf4+ Kg8 37. Qb8 Qd5 38. Qa7 Qb3 39. h5 Qd1+ 40. Kh2 Bd6+ 41. g3 Qxh5+ 42. Kg1 Qd1+ 43. Kh2 Qe2+ 44. Bf2 e3 45. Qa8+ Kg7 46. Qa7+ Kf6 47. Qd4+ Ke7 48. Qe4+ Kd8 49. Qa8+ Kc7 50. Qa7+ Kc6 51. Qa8+ Kb6 52. Qd8+ Kc5 53. Qa5+ Kc6 54. Qa4+ Kc7 55. Qa5+ Kd7 56. Qa4+ Kd8 57. Qh4+ Kc8 58. Qh3+ Kb8 0-1

[Event "GRENKE Chess Open 2024"]
[Site "Karlsruhe"]
[Date "2024.03.29"]
[Round "2.3"]
[White "Fedoseev, Vladimir"]
[Black "Hinterreiter, Markus"]
[Result "1-0"]
[WhiteElo "2690"]
[BlackElo "2260"]
[Annotator "TA"]
[PlyCount "95"]
[EventDate "2024.03.28"]
[EventType "swiss"]
[EventCountry "GER"]
[SourceTitle "playchess.com"]
[Source "ChessBase"]
[SourceQuality "1"]

1. d4 d5 2. c4 c6 3. Nf3 Nf6 4. e3 Bf5 5. Nc3 e6 6. Nh4 Be4 7. f3 Bg6 8. Bd2 Nbd7 9. Nxg6 hxg6 10. Qc2 Bd6 11. O-O-O Qc7 12. g4 O-O-O 13. g5 Nh5 14. Be1 Ng3 15. Bxg3 Bxg3 16. f4 Bh4 17. Rg1 Kb8 18. Rg2 Nb6 19. c5 Nc8 20. Bd3 Ne7 21. Ne2 f6 22. Bxg6 fxg5 23. fxg5 e5 24. Bf7 Qd7 25. dxe5 Qh3 26. Nd4 Qxe3+ 27. Kb1 Rdf8 28. Re2 Qxg5 29. Ne6 Qf5 30. Qxf5 Nxf5 31. Nxf8 Rxf8 32. Be6 Ne7 33. Rg1 g6 34. Bh3 Rf3 35. Bg2 Rf4 36. Rf1 Rc4 37. Rc2 Rd4 38. a3 a5 39. e6 Nf5 40. Bh3 Ne7 41. Rg2 Rd3 42. Bg4 Rd4 43. h3 Rc4 44. Rc2 Re4 45. Re2 Rc4 46. Rf7 Ka7 47. Rh7 Bg5 48. Rf2 1-0

[Event "GRENKE Chess Open 2024"]
[Site "Karlsruhe"]
[Date "2024.03.29"]
[Round "2.3"]
[White "Nekrasov, Mihail"]
[Black "Svane, Rasmus"]
[Result "0-1"]
[WhiteElo "2253"]
[BlackElo "2623"]
[Annotator "TA"]
[PlyCount "115"]
[EventDate "2024.03.28"]
[EventType "swiss"]
[EventCountry "GER"]
[SourceTitle "playchess.com"]
[Source "ChessBase"]
[SourceQuality "1"]

1. e4 c6 2. d4 d5 3. Nc3 dxe4 4. Nxe4 Nf6 5. Nxf6+ exf6 6. c3 Bd6 7. Bd3 O-O 8. Ne2 Re8 9. Qc2 h5 10. O-O h4 11. h3 Nd7 12. Bf4 Nf8 13. Bxd6 Qxd6 14. Qd2 Ng6 15. Rfe1 Be6 16. Bxg6 fxg6 17. Nf4 Bf7 18. b3 g5 19. Rxe8+ Rxe8 20. Nd3 b6 21. Re1 Rd8 22. Rd1 a5 23. Ne1 Be6 24. Nc2 g4 25. hxg4 Bxg4 26. f3 Be6 27. Qf2 h3 28. g3 Re8 29. Kh2 b5 30. Ne3 a4 31. c4 bxc4 32. bxc4 Qa3 33. d5 cxd5 34. cxd5 Bd7 35. Nf1 Rb8 36. Rd2 Rb1 37. g4 Qc1 38. Ng3 a3 39. Kxh3 Rb2 40. Re2 Bb5 41. Qe3 Qxe3 42. Rxe3 Rxa2 43. d6 Ra1 44. Rb3 Bd7 45. Rb7 a2 46. Rxd7 Rd1 47. Ra7 a1=Q 48. Rxa1 Rxa1 49. Ne4 Kf7 50. Kg3 Ke6 51. Kf4 Ra3 52. g5 Ra5 53. gxf6 gxf6 54. d7 Rf5+ 55. Kg4 Rd5 56. Kf4 Ke7 57. Nc3 Rxd7 58. Kf5 0-1

[Event "GRENKE Chess Open 2024"]
[Site "Karlsruhe"]
[Date "2024.03.29"]
[Round "2.4"]
[White "Santos Latasa, Jaime"]
[Black "Yi, Danny"]
[Result "1-0"]
[WhiteElo "2621"]
[BlackElo "2253"]
[Annotator "TA"]
[PlyCount "71"]
[EventDate "2024.03.28"]
[EventType "swiss"]
[EventCountry "GER"]
[SourceTitle "playchess.com"]
[Source "ChessBase"]
[SourceQuality "1"]

1. Nf3 Nf6 2. c4 g6 3. Nc3 d5 4. cxd5 Nxd5 5. h4 h5 6. e4 Nxc3 7. bxc3 Bg7 8. Be2 c5 9. Rb1 Nc6 10. O-O O-O 11. Ng5 Ne5 12. d4 Ng4 13. f3 Nf6 14. Be3 Nh7 15. d5 Nxg5 16. hxg5 b6 17. c4 e6 18. f4 exd5 19. cxd5 Re8 20. e5 Bg4 21. Bxg4 hxg4 22. d6 Qd7 23. Rc1 Bf8 24. Bd2 Qe6 25. Qb3 Qd7 26. Qc4 Rec8 27. Rb1 Rab8 28. a4 Qb7 29. f5 gxf5 30. g6 Kg7 31. gxf7 Qxf7 32. e6 Qh5 33. Bf4 Kh7 34. d7 Rd8 35. Bxb8 Bg7 36. Kf2 1-0

[Event "GRENKE Chess Open 2024"]
[Site "Karlsruhe"]
[Date "2024.03.29"]
[Round "2.4"]
[White "Ulasevich, Sergei"]
[Black "Sjugirov, Sanan"]
[Result "0-1"]
[WhiteElo "2261"]
[BlackElo "2690"]
[Annotator "TA"]
[PlyCount "104"]
[EventDate "2024.03.28"]
[EventType "swiss"]
[EventCountry "GER"]
[SourceTitle "playchess.com"]
[Source "ChessBase"]
[SourceQuality "1"]

1. e4 c5 2. c3 Nf6 3. e5 Nd5 4. Nf3 d6 5. Bb5+ Nc6 6. O-O e6 7. c4 Nb6 8. Bxc6+ bxc6 9. exd6 Bxd6 10. b3 e5 11. Re1 O-O 12. Nc3 f6 13. Ba3 Be7 14. h3 Bf5 15. Qe2 Bd3 16. Qe3 Bxc4 17. Bxc5 Bxc5 18. Qxc5 Bd5 19. Nh4 f5 20. Nxd5 cxd5 21. Nf3 Rc8 22. Qb5 e4 23. Nd4 Qf6 24. Ne2 f4 25. Nc3 f3 26. g3 Rcd8 27. Rad1 Rd6 28. Qf1 Nd7 29. Nb5 Rb6 30. Nc3 Qd4 31. Nb5 Qc5 32. a4 Rg6 33. Kh2 a6 34. Rc1 Qb4 35. Nc3 Nf6 36. d3 e3 37. Rxe3 d4 38. Re4 Qd6 39. Nd1 Qa3 40. Rc4 Nxe4 41. dxe4 Rd6 42. Qd3 Qa2 43. Rxd4 Rxd4 44. Qxd4 Qe2 45. h4 Kh8 46. h5 Qf1 47. Ne3 Qxf2+ 48. Kh3 h6 49. Qd6 Rg8 50. Qf4 Qe2 51. g4 f2 52. Kg3 Qxe3+ 0-1

[Event "GRENKE Chess Open 2024"]
[Site "Karlsruhe"]
[Date "2024.03.29"]
[Round "2.5"]
[White "Niemann, Hans Moke"]
[Black "Chassard, Cedric"]
[Result "1-0"]
[WhiteElo "2676"]
[BlackElo "2259"]
[Annotator "TA"]
[PlyCount "97"]
[EventDate "2024.03.28"]
[EventType "swiss"]
[EventCountry "GER"]
[SourceTitle "playchess.com"]
[Source "ChessBase"]
[SourceQuality "1"]

1. e4 e5 2. Nf3 Nf6 3. Nxe5 Nxe4 4. Qe2 Qe7 5. Qxe4 d6 6. d4 dxe5 7. dxe5 Nc6 8. Nc3 Qxe5 9. Qxe5+ Nxe5 10. Bf4 Bd6 11. Bg3 h5 12. h3 h4 13. Bh2 Bd7 14. Ne4 O-O-O 15. Nxd6+ cxd6 16. f3 Bc6 17. Kf2 g5 18. Rd1 f5 19. Be2 Rhg8 20. Rd4 g4 21. Bf4 gxf3 22. gxf3 Rg6 23. Rh2 Rdg8 24. Be3 Re6 25. Bf4 Reg6 26. Bd2 Rg1 27. Rxh4 Rb1 28. Bc3 Rgg1 29. Ke3 Ng6 30. Rh6 f4+ 31. Kf2 Ne5 32. Rg2 Rxg2+ 33. Kxg2 Rc1 34. Rxd6 Rxc2 35. Rd2 Rxd2 36. Bxd2 Ng6 37. Kf2 Bd7 38. Bd3 Ne5 39. Bf1 Ng6 40. Bc3 Kc7 41. Bd3 Nh4 42. Bf6 Nxf3 43. Kxf3 Bxh3 44. Kxf4 Be6 45. a3 Kd6 46. Be5+ Kc5 47. Ke3 a5 48. Bd4+ Kd6 49. Bb6 1-0

[Event "GRENKE Chess Open 2024"]
[Site "Karlsruhe"]
[Date "2024.03.29"]
[Round "2.5"]
[White "Schnepp, Gunnar"]
[Black "Meier, Georg"]
[Result "0-1"]
[WhiteElo "2252"]
[BlackElo "2620"]
[Annotator "TA"]
[PlyCount "64"]
[EventDate "2024.03.28"]
[EventType "swiss"]
[EventCountry "GER"]
[SourceTitle "playchess.com"]
[Source "ChessBase"]
[SourceQuality "1"]

1. d4 e6 2. c4 b6 3. e4 Bb4+ 4. Nd2 Bb7 5. Qc2 c5 6. Ngf3 cxd4 7. Nxd4 Nc6 8. Nxc6 dxc6 9. a3 Be7 10. Be2 Nf6 11. e5 Nd7 12. Nf3 c5 13. h4 Qc7 14. Bf4 O-O-O 15. Qc3 Nf8 16. h5 h6 17. Rh3 Be4 18. Qe3 Bf5 19. Rg3 g5 20. hxg6 Nxg6 21. Bxh6 Rd4 22. Nxd4 cxd4 23. Qd2 Qxe5 24. O-O-O Bh4 25. f4 Qd6 26. Rxg6 Bxg6 27. Bg7 Rd8 28. Qxd4 Qc6 29. Qe3 Rxd1+ 30. Kxd1 Qxg2 31. c5 Qd5+ 32. Qd4 Qh1+ 0-1

[Event "GRENKE Chess Open 2024"]
[Site "Karlsruhe"]
[Date "2024.03.29"]
[Round "2.6"]
[White "Chigaev, Maksim"]
[Black "Weihrauch, Jakob"]
[Result "1-0"]
[WhiteElo "2617"]
[BlackElo "2248"]
[Annotator "TA"]
[PlyCount "61"]
[EventDate "2024.03.28"]
[EventType "swiss"]
[EventCountry "GER"]
[SourceTitle "playchess.com"]
[Source "ChessBase"]
[SourceQuality "1"]

1. c4 Nf6 2. g3 e5 3. Bg2 Nc6 4. Nc3 Bc5 5. e3 O-O 6. Nge2 Re8 7. O-O d6 8. d3 a5 9. b3 Bf5 10. h3 h6 11. a3 Qd7 12. Kh2 Rab8 13. Bb2 Bb6 14. Qd2 Be6 15. f4 Bf5 16. e4 Bh7 17. fxe5 dxe5 18. Rxf6 gxf6 19. Nd5 Re6 20. Rf1 Qd8 21. b4 axb4 22. axb4 Bd4 23. Bc1 b5 24. h4 bxc4 25. dxc4 h5 26. b5 Na7 27. Nxd4 exd4 28. Qxd4 c6 29. Rxf6 cxd5 30. Rxe6 dxc4 31. Rd6 1-0

[Event "GRENKE Chess Open 2024"]
[Site "Karlsruhe"]
[Date "2024.03.29"]
[Round "2.6"]
[White "Werthebach, Felix"]
[Black "Anton Guijarro, David"]
[Result "1/2-1/2"]
[WhiteElo "2260"]
[BlackElo "2671"]
[Annotator "TA"]
[PlyCount "72"]
[EventDate "2024.03.28"]
[EventType "swiss"]
[EventCountry "GER"]
[SourceTitle "playchess.com"]
[Source "ChessBase"]
[SourceQuality "1"]

1. c4 c5 2. g3 Nc6 3. Bg2 g6 4. Nc3 Bg7 5. a3 d6 6. Rb1 Bd7 7. h4 Nf6 8. Nh3 Nh5 9. d3 Bxc3+ 10. bxc3 Qc7 11. Bf3 e5 12. Ng5 Nf6 13. Bd5 Rf8 14. h5 gxh5 15. Nf3 Nxd5 16. cxd5 Ne7 17. Qb3 b5 18. c4 a6 19. Ng5 f6 20. Ne4 Rb8 21. Rxh5 Bf5 22. Bh6 Rf7 23. f3 Bg6 24. Rh1 Nf5 25. Kf2 Nd4 26. Qc3 Bxe4 27. dxe4 f5 28. exf5 Nxf5 29. Qd3 b4 30. Rh5 Nxh6 31. Rxh6 Kd8 32. Rbh1 Rb7 33. Re6 Rb6 34. axb4 cxb4 35. Qe3 Kc8 36. c5 dxc5 1/2-1/2

[Event "GRENKE Chess Open 2024"]
[Site "Karlsruhe"]
[Date "2024.03.29"]
[Round "2.7"]
[White "Saric, Ivan"]
[Black "Dolzhykova, Kateryna"]
[Result "1-0"]
[WhiteElo "2670"]
[BlackElo "2259"]
[Annotator "TA"]
[PlyCount "65"]
[EventDate "2024.03.28"]
[EventType "swiss"]
[EventCountry "GER"]
[SourceTitle "playchess.com"]
[Source "ChessBase"]
[SourceQuality "1"]

1. Nf3 Nf6 2. g3 g6 3. c4 Bg7 4. d4 d6 5. Bg2 O-O 6. Nc3 Nc6 7. d5 Na5 8. b3 c5 9. Bb2 a6 10. Nd2 Rb8 11. Rc1 b5 12. Ba1 Nd7 13. e4 f5 14. f4 Nf6 15. Qe2 e6 16. O-O bxc4 17. bxc4 Ng4 18. Nf3 Rb4 19. h3 Nh6 20. Ng5 Re8 21. dxe6 Bxe6 22. Nxe6 Rxe6 23. e5 Kh8 24. Rfd1 g5 25. Rxd6 Rxd6 26. exd6 Bd4+ 27. Kh1 Qxd6 28. Nd5 Rb8 29. Bxd4+ cxd4 30. c5 Qd8 31. c6 Qd6 32. c7 Rc8 33. Qd2 1-0

[Event "GRENKE Chess Open 2024"]
[Site "Karlsruhe"]
[Date "2024.03.29"]
[Round "2.7"]
[White "Herbrig, Alexander"]
[Black "Svane, Frederik"]
[Result "0-1"]
[WhiteElo "2249"]
[BlackElo "2617"]
[Annotator "TA"]
[PlyCount "50"]
[EventDate "2024.03.28"]
[EventType "swiss"]
[EventCountry "GER"]
[SourceTitle "playchess.com"]
[Source "ChessBase"]
[SourceQuality "1"]

1. d4 d5 2. Nf3 Nf6 3. c4 e6 4. Bg5 Bb4+ 5. Nbd2 h6 6. Bxf6 Qxf6 7. Qa4+ Nc6 8. e3 O-O 9. cxd5 exd5 10. Bb5 Qg6 11. Bxc6 Bxd2+ 12. Nxd2 bxc6 13. Rg1 Rb8 14. O-O-O Qf6 15. Nf3 Bf5 16. Ne5 Bh7 17. Qxc6 Qxf2 18. Qc3 Qf5 19. Kd2 c5 20. dxc5 Qf2+ 21. Kc1 Rxb2 22. Nd3 Bxd3 23. Qxd3 Rb4 24. Rdf1 Qb2+ 25. Kd1 Qxa2 0-1

[Event "GRENKE Chess Open 2024"]
[Site "Karlsruhe"]
[Date "2024.03.29"]
[Round "2.8"]
[White "Kamsky, Gata"]
[Black "Huber, Benedikt"]
[Result "1-0"]
[WhiteElo "2616"]
[BlackElo "2247"]
[Annotator "TA"]
[PlyCount "77"]
[EventDate "2024.03.28"]
[EventType "swiss"]
[EventCountry "GER"]
[SourceTitle "playchess.com"]
[Source "ChessBase"]
[SourceQuality "1"]

1. e4 e5 2. Nf3 Nc6 3. Bb5 a6 4. Ba4 Nf6 5. O-O Be7 6. Re1 b5 7. Bb3 O-O 8. c3 d5 9. exd5 Nxd5 10. Nxe5 Nxe5 11. Rxe5 c6 12. d4 Bd6 13. Re1 Qh4 14. g3 Qh3 15. Be3 Ra7 16. Qf3 Re7 17. Qg2 Qh5 18. Nd2 Bh3 19. Bd1 Qf5 20. Qf3 Qg6 21. Qh5 Qxh5 22. Bxh5 Rfe8 23. Bf3 f5 24. Nf1 Bxf1 25. Bxd5+ cxd5 26. Kxf1 Kf7 27. a4 b4 28. cxb4 Rb8 29. Rec1 Rxb4 30. Rc6 Bb8 31. Rxa6 Rxb2 32. Ra3 Rd7 33. Rc3 Ba7 34. h4 g6 35. Rcc6 Rb4 36. Rf6+ Ke7 37. Bg5 Ke8 38. Rae6+ Kd8 39. Rf7+ 1-0

[Event "GRENKE Chess Open 2024"]
[Site "Karlsruhe"]
[Date "2024.03.29"]
[Round "2.8"]
[White "Ruff, Maximilian"]
[Black "Shevchenko, Kirill"]
[Result "0-1"]
[WhiteElo "2259"]
[BlackElo "2670"]
[Annotator "TA"]
[PlyCount "78"]
[EventDate "2024.03.28"]
[EventType "swiss"]
[EventCountry "GER"]
[SourceTitle "playchess.com"]
[Source "ChessBase"]
[SourceQuality "1"]

1. d4 Nf6 2. c4 e6 3. Nc3 Bb4 4. Qc2 b6 5. e4 c5 6. d5 Qe7 7. Be2 exd5 8. exd5 d6 9. Nf3 O-O 10. O-O Bxc3 11. bxc3 Bg4 12. Bf4 Re8 13. Bd1 Nbd7 14. h3 Bxf3 15. Bxf3 Ne5 16. Be2 Ng6 17. Be3 Ne4 18. Bd3 Qh4 19. a4 Nf6 20. Qd2 Ne5 21. Bg5 Ne4 22. Bxe4 Qxe4 23. Rfe1 Qxc4 24. a5 b5 25. a6 Rab8 26. Bf4 f6 27. Bg3 h6 28. f4 Qd3 29. Qf2 Nc4 30. Rad1 Qxc3 31. Re6 b4 32. Rde1 Rf8 33. f5 b3 34. Re7 b2 35. Rb7 Qd3 36. Bf4 Rxb7 37. axb7 b1=Q 38. Rxb1 Qxb1+ 39. Kh2 Qxb7 0-1

[Event "GRENKE Chess Open 2024"]
[Site "Karlsruhe"]
[Date "2024.03.29"]
[Round "2.9"]
[White "Bluebaum, Matthias"]
[Black "Kaufeld, Juergen"]
[Result "1/2-1/2"]
[WhiteElo "2655"]
[BlackElo "2257"]
[Annotator "TA"]
[PlyCount "97"]
[EventDate "2024.03.28"]
[EventType "swiss"]
[EventCountry "GER"]
[SourceTitle "playchess.com"]
[Source "ChessBase"]
[SourceQuality "1"]

1. c4 Nf6 2. Nf3 e6 3. Nc3 d5 4. e3 c6 5. b3 Nbd7 6. Bb2 Bd6 7. Qc2 Qe7 8. Be2 O-O 9. Rc1 dxc4 10. bxc4 e5 11. d4 exd4 12. exd4 Ba3 13. O-O Bxb2 14. Qxb2 Rd8 15. Rfd1 Nb6 16. Ne5 Be6 17. f4 Ne8 18. Nb1 f6 19. Ng4 Rd7 20. Ne3 Rad8 21. Bf3 g6 22. Rd3 Nxc4 23. Qe2 Nb6 24. Qd2 Nc7 25. f5 gxf5 26. Qf2 Kh8 27. Re1 Qf7 28. Nc3 Re7 29. Qh4 Rg8 30. Rd2 Nc8 31. Rde2 Bd7 32. d5 Qg7 33. Qd4 Re5 34. h4 Qg3 35. Rf1 f4 36. Nc4 Rxe2 37. Nxe2 Qxh4 38. Nxf4 Qg5 39. Be4 cxd5 40. Nxd5 Nxd5 41. Bxd5 Bc6 42. Bxc6 bxc6 43. Qxf6+ Qxf6 44. Rxf6 Rg6 45. Rf8+ Rg8 46. Rf6 Rg6 47. Rf8+ Rg8 48. Rf7 Rg7 49. Rf8+ 1/2-1/2

[Event "GRENKE Chess Open 2024"]
[Site "Karlsruhe"]
[Date "2024.03.29"]
[Round "2.9"]
[White "Maurizzi, Marc`Andria"]
[Black "Smeets, Kobe"]
[Result "1-0"]
[WhiteElo "2602"]
[BlackElo "2244"]
[Annotator "TA"]
[PlyCount "75"]
[EventDate "2024.03.28"]
[EventType "swiss"]
[EventCountry "GER"]
[SourceTitle "playchess.com"]
[Source "ChessBase"]
[SourceQuality "1"]

1. e4 c5 2. Nf3 e6 3. c3 Nf6 4. Bd3 d5 5. e5 Nfd7 6. Bc2 d4 7. O-O Nc6 8. Ba4 Qc7 9. Re1 dxc3 10. Nxc3 a6 11. Bxc6 Qxc6 12. d4 cxd4 13. Nxd4 Qb6 14. Be3 Qa5 15. Rc1 Be7 16. Nb3 Qd8 17. Qg4 Nxe5 18. Qxg7 Ng6 19. Red1 Bd7 20. Nc5 Bf8 21. Qd4 Bc6 22. Qc4 Qc7 23. N3e4 Be7 24. Nxb7 Ne5 25. Qc3 Qxb7 26. Qxe5 Rg8 27. f3 Bxe4 28. fxe4 Qb5 29. Qc3 Qb7 30. Rd4 Bf6 31. Rb4 Bxc3 32. Rxb7 Be5 33. Rc5 Bd6 34. Rh5 Rc8 35. e5 Rb8 36. Ra7 Rxb2 37. exd6 Rgxg2+ 38. Kf1 1-0

[Event "GRENKE Chess Open 2024"]
[Site "Karlsruhe"]
[Date "2024.03.29"]
[Round "2.10"]
[White "Nechitaylo, Nikita"]
[Black "Indjic, Aleksandar"]
[Result "0-1"]
[WhiteElo "2244"]
[BlackElo "2595"]
[Annotator "TA"]
[PlyCount "62"]
[EventDate "2024.03.28"]
[EventType "swiss"]
[EventCountry "GER"]
[SourceTitle "playchess.com"]
[Source "ChessBase"]
[SourceQuality "1"]

1. d4 Nf6 2. c4 e6 3. Nc3 Bb4 4. e3 O-O 5. Nge2 Re8 6. a3 Bf8 7. Ng3 d5 8. Bd3 b6 9. cxd5 exd5 10. O-O Bb7 11. b4 Nbd7 12. Bb2 a6 13. Rc1 g6 14. Bb1 h5 15. Ba2 b5 16. Nge2 Nb6 17. Nf4 Nc4 18. Nd3 Nxb2 19. Nxb2 Bd6 20. Qf3 c6 21. Nd3 Bc8 22. g3 a5 23. Rfe1 axb4 24. axb4 Ra3 25. Nc5 Bxc5 26. dxc5 Bg4 27. Qg2 d4 28. f3 dxc3 29. fxg4 Qd2 30. Bb1 Nxg4 31. e4 Qd4+ 0-1

[Event "GRENKE Chess Open 2024"]
[Site "Karlsruhe"]
[Date "2024.03.29"]
[Round "2.11"]
[White "Yoo, Christopher Woojin"]
[Black "Kurmangaliyeva, Liya"]
[Result "1-0"]
[WhiteElo "2583"]
[BlackElo "2240"]
[Annotator "TA"]
[PlyCount "81"]
[EventDate "2024.03.28"]
[EventType "swiss"]
[EventCountry "GER"]
[SourceTitle "playchess.com"]
[Source "ChessBase"]
[SourceQuality "1"]

1. e4 e5 2. Nf3 Nc6 3. Bc4 Bc5 4. b4 Be7 5. c3 Nf6 6. d3 d5 7. exd5 Nxd5 8. Qb3 Be6 9. O-O O-O 10. Re1 Re8 11. Nbd2 h6 12. Bb2 Qd7 13. Nxe5 Nxe5 14. Rxe5 Rad8 15. Rae1 b5 16. Bxd5 Bxd5 17. c4 Be6 18. R5e3 Bg5 19. Qc3 Bf6 20. Qc1 Bxb2 21. Qxb2 bxc4 22. Ne4 Qd4 23. Qd2 cxd3 24. Nc5 Qc4 25. Nxd3 Rd4 26. Rg3 Kh7 27. Qb2 Red8 28. a3 Bf5 29. Ne5 Qd5 30. Nf3 Rg4 31. Qc3 Rxg3 32. hxg3 Rd7 33. Qe3 a6 34. a4 Bc2 35. a5 Bg6 36. g4 f6 37. Nh4 Qd4 38. Qe6 Rd6 39. Qc8 Qxb4 40. Rc1 Qf4 41. Qh8+ 1-0